<?xml version="1.0" encoding="UTF-8"?>
<marc:record xmlns:marc="http://www.loc.gov/MARC21/slim">
   <marc:leader>00000nam a2200000 a 4500</marc:leader>
   <marc:datafield ind1="1" ind2=" " tag="100">
      <marc:subfield code="a">Kidd, Rob</marc:subfield>
      <marc:subfield code="4">aut</marc:subfield>
      <marc:subfield code="e">Verfasser/-in</marc:subfield>
   </marc:datafield>
   <marc:datafield ind1="0" ind2="0" tag="245">
      <marc:subfield code="a">Jack Sparrow</marc:subfield>
   </marc:datafield>
   <marc:datafield ind1="0" ind2="0" tag="245">
      <marc:subfield code="c">von Rob Kidd. Ill. von Jean-Paul Orpinas</marc:subfield>
   </marc:datafield>
   <marc:datafield ind1=" " ind2="1" tag="264">
      <marc:subfield code="a">Köln</marc:subfield>
      <marc:subfield code="b">Schneiderbuch Egmont</marc:subfield>
      <marc:subfield code="c">2008</marc:subfield>
   </marc:datafield>
   <marc:datafield ind1="1" ind2=" " tag="520">
      <marc:subfield code="a">Angaben aus der Verlagsmeldung

Jack Sparrow, Band 09 : Gefangen im Zeitstrudel / von Rob Kidd

Auf der Flucht vor Davy Jones sind Jack und Fitzwilliam auf der Isla Esquelética gelandet. Diese Insel ist ihnen noch aus einem früheren Abenteuer in bester Erinnerung. Doch es gehen merkwürdige Dinge vor sich. Sie begegnen Menschen, die eigentlich längst tot sein sollten und werden von prähistorischen Flugsauriern gejagt. So langsam wird Jack klar, dass er selbst dieses Chaos angerichtet hat, und sollte es ihm nicht gelingen, die Ordnung wieder herzustellen, könnte er sogar seine eigene Existenz auslöschen.
</marc:subfield>
   </marc:datafield>
   <marc:datafield ind1=" " ind2=" " tag="020">
      <marc:subfield code="a">9783505124983</marc:subfield>
      <marc:subfield code="9">9783505124983</marc:subfield>
   </marc:datafield>
   <marc:datafield ind1=" " ind2=" " tag="041">
      <marc:subfield code="a">ger</marc:subfield>
   </marc:datafield>
   <marc:datafield ind1=" " ind2=" " tag="300">
      <marc:subfield code="a">131 S.</marc:subfield>
   </marc:datafield>
</marc:record>
